Operationalizing the DLV program: an integrated agro-economic and agro-ecological approach to a methodology for analysis of sustainable land use and regional agricultural policy

Gorde:
Xehetasun bibliografikoak
Egile Nagusiak: Hengsdijk, Huib (Egilea), Kruseman, Gideon (Egilea)
Formatua: Liburua
Hizkuntza:ingelesa
Argitaratua: Wageningen CABO-DLO 1993
Wageningen Dept. of Development Economics-WAU 1993
Saila:DLV Report, 1
Gaiak:
Etiketak: Etiketa erantsi
Etiketarik gabe, Izan zaitez lehena erregistro honi etiketa jartzen!

MARC

LEADER 00000nam a2200000 a 4500
001 UCL9277
003 CL-VaPUC
008 040730e19930000ne |||||||||||||||||eng|d
082 0 4 |a 630  |b HEN  |2 21 
100 0 |a Hengsdijk, Huib  |e author  |9 487101 
700 0 |a Kruseman, Gideon  |e author  |9 487102 
245 1 0 |a Operationalizing the DLV program: an integrated agro-economic and agro-ecological approach to a methodology for analysis of sustainable land use and regional agricultural policy 
300 |a 107 p 
942 |c BK 
945 |d 20040730 00:00:00  |a cmena 
260 |a Wageningen  |b CABO-DLO  |c 1993 
260 |a Wageningen  |b Dept. of Development Economics-WAU  |c 1993 
650 0 |a Agricultura  |9 255598 
650 0 |a Aspectos económicos  |9 255165 
650 0 |a Desarrollo económico  |9 259599 
650 0 |a Uso del suelo  |9 474849 
650 0 |a Desarrollo sustentable  |9 333905 
583 |a last modification  |c 20171005 01:06:49  |k Rodrigo Vera 
490 0 |a DLV Report, 1 
999 |c 310139  |d 310137